Normal view
MARC view
Entry Término temático
001 - NÚMERO DE CONTROL
- campo de control: 183312
003 - IDENTIFICADOR DEL NÚMERO DE CONTROL
- campo de control: OSt
005 - FECHA Y HORA DE LA ÚLTIMA TRANSACCIÓN
- campo de control: 20220601075537.0
008 - DATOS DE LONGITUD FIJA
- campo de control de longitud fija: 220601|| aca||aabn | a|a d
040 ## - FUENTE DE LA CATALOGACIÓN
- Centro catalogador/agencia de origen: OSt
- Centro/agencia transcriptor: OSt
150 ## - ENCABEZAMIENTO--TÉRMINO DE MATERIA
- Término de materia o nombre geográfico como elemento de entrada: 1. Fisiología Veterinaria - Manuales de laboratorio
670 ## - FUENTE DE DATOS ENCONTRADOS
- Cita de la fuente: Work cat.: (OSt)215891: UNAM. Facultad de Medicina Veterinaria y Zootecnia. Departamento de Fisiología y Farmacología 144087, Manual de laboratorio de fisiología veterinaria / UNAM. Facultad de Medicina Veterinaria y Zootecnia. Departamento de Fisiología y Farmacología
